000 01309cam a22003257a 4500
001 15531758
003 OSt
005 20241015144114.0
008 081121s2009 si a b 001 0 eng d
010 _a 2008301011
020 _a9789814241052
020 _a9814241059
035 _a(OCoLC)ocn185032764
040 _aBTCTA
_cmust
_dYDXCP
_dBAKER
_dBWX
_dESU
_dTXA
_dOIP
_dDLC
042 _alccopycat
082 0 0 _a621.3815 HEN 2009
_222
245 0 0 _aSemiconductor quantum bits /
_c[edited by] Fritz Henneberger, Oliver Benson.
260 _aSingapore :
_bPan Stanford,
_cc2009.
300 _aix, 504 p. :
_bill. (some col.) ;
_c24 cm.
504 _aIncludes bibliographical references and indexes.
650 0 _aSemiconductors.
_913406
700 1 _aBenson, Oliver.
_919266
700 1 _aHenneberger, Fritz.
_919267
856 4 1 _3Table of contents only
_uhttp://www.loc.gov/catdir/toc/fy0905/2008301011.html
856 4 2 _3Contributor biographical information
_uhttp://www.loc.gov/catdir/enhancements/fy1004/2008301011-b.html
856 4 2 _3Publisher description
_uhttp://www.loc.gov/catdir/enhancements/fy1004/2008301011-d.html
906 _a7
_bcbc
_ccopycat
_d2
_encip
_f20
_gy-gencatlg
942 _2ddc
_cB_BANK
999 _c9443
_d9443